000 00616nam a22001937a 4500
005 20251108164310.0
008 250721s1990 xx 000 0 ara d
082 1 4 _a796.4/روب
100 1 _aروبرتون، بربادا
245 1 0 _aألعاب اللياقة و المرح للأطفال /
264 1 _aعمان :
_bدار الشروق للنشر و التوزيع،
_c1990.
300 _a64ص : مص
650 1 7 _aالألعاب الرياضية
650 1 7 _aاللياقة البدنية
700 1 _aالظاهر، محمد
700 1 _aسماره، منيه
942 _2ddc
_cBK
999 _c8693
_d8693